| 000 | 00364nam a22001577a 4500 | ||
|---|---|---|---|
| 003 | OSt | ||
| 020 | _a8175962577 | ||
| 040 | _c0 | ||
| 082 |
_222 _a808.5 |
||
| 100 | _aGodale, Malcolm. | ||
| 245 | _aProfessional presentation / | ||
| 250 | _aNA | ||
| 260 |
_aNew Delhi, _bCombridge University, _cc2006. |
||
| 300 |
_aviii,80 p. ; _bill. ; _c24 cm. |
||
| 942 |
_2ddc _cENG |
||
| 999 |
_c4663 _d4663 |
||